| 000 | 01390cam a2200349 a 4500 | ||
|---|---|---|---|
| 999 |
_c25326 _d25326 |
||
| 001 | 13969117 | ||
| 003 | BDDh-ASL | ||
| 005 | 20231015030457.0 | ||
| 008 | 050114s2004 bg a bs i000 0 eng | ||
| 010 | _a 2004312728 | ||
| 020 | _a9847290229 | ||
| 025 | _aB-E-2004-312728; 22 | ||
| 035 | _a(DLC) 2004312728 | ||
| 037 |
_bLibrary of Congress -- New Delhi Overseas Office _cTk275.00 |
||
| 040 |
_aDLC _cDLC _dDLC _dBDDh-ASL |
||
| 042 | _alcode | ||
| 043 | _aa-bg--- | ||
| 050 | 0 | 0 |
_aSH380.62.B3 _bH37 2004 |
| 082 |
_a363.72 _bSAN |
||
| 100 | 1 | _aHaque, A. K. Enamul. | |
| 245 | 1 | 0 |
_aSanitary and phyto-sanitary barriers to trade and its impact on the environment : _bthe case of shrimp farming in Bangladesh / _cprincipal researcher, A.K. Enamul Haque ; research team, Md. Faisal Deen Arif, Shahzia Mohsin Khan, A.S. Moniruzzaman Khan ; project coordinator, Ainun Nishat. |
| 260 |
_aDhaka : _bIUCN-The World Conservation Union, Bangladesh Country Office, _c2004. |
||
| 300 |
_a63 p. : _bill. ; _c25 cm. |
||
| 504 | _aIncludes bibliographical references (p. 55-63). | ||
| 700 | 1 | _aArif, Md. Faisal Deen. | |
| 700 | 1 | _aKhan, Shahzia Mohsin. | |
| 700 | 1 | _aKhan, A. S. Moniruzzaman. | |
| 710 | 2 |
_aIUCN--The World Conservation Union. _bBangladesh Country Office. |
|
| 906 |
_a7 _bcbc _corigode _d3 _encip _f20 _gy-gencatlg |
||
| 942 |
_2ddc _cBK |
||